Krátka história objavenia a liečby diabetes mellitus

Bibliographic Details
Main Author: Smatanová, Slávka (Author)
Format: Article
Language:Slovak
PhysicalDescription:Fotogr.
ISSN:1335-8383
Subjects:

MARC

LEADER 00000nab a2200000 a 4500
001 vtls000782050
003 SK-MaSNL
005 20260303072552.0
008 141112c2001 xo 0 slo
015 |a SNBRB2002/03-07572 
035 |a CLN000133773 
040 |a SNKBUCL  |b slo  |c SNKBUCL  |e AACR2 
041 0 |a slo 
044 |a xo  |c SK 
080 |a 616.379-008.64(091)  |2 1997 
100 1 |a Smatanová, Slávka  |4 aut  |9 71181 
245 1 0 |a Krátka história objavenia a liečby diabetes mellitus  |c Slávka Smatanová 
300 |b Fotogr. 
650 0 7 |a diabetes mellitus  |x dejiny  |2 snkbucl  |9 859332 
650 0 7 |a diabetes mellitus  |x história  |x terapia  |2 snkbucl  |9 1073070 
650 0 7 |a dejiny  |2 snkbucl  |9 3825 
650 0 7 |a osobnosti významné  |2 snkbucl  |9 315451 
655 7 |a články z novín a časopisov  |2 snkbucl  |9 267496 
773 0 |t Diabetes a obezita  |g Roč. 1, č. 1 (2001), s. 57-58  |x 1335-8383 
850 |a Slovenská národná knižnica v Martine 
852 |a SNK  |b KIS3GCP 
958 |a MI 
999 |c 1763913  |d 1765843